书目信息 |
| 题名: |
文化纪念碑的风采
|
|
| 作者: | 萧默 著 | |
| 分册: | ||
| 出版信息: | 北京 中国人民大学出版社 1999 |
|
| 页数: | 4,280页,[8]页图版 | |
| 开本: | 16开 | |
| 丛书名: | 高等学校美育教材系列 | |
| 单 册: | ||
| 中图分类: | TU-09 | |
| 科图分类: | ||
| 主题词: | 建筑美学 , 建筑史--高等学校--世界--教材 | |
| 电子资源: | ||
| ISBN: | 7-300-03064-5 | |
| 000 | 00848nam0 2200253 45 | |
| 001 | 0211260887 | |
| 005 | 20031219104101.4 | |
| 010 | @a7-300-03064-5@dCNY22.00 | |
| 100 | @a20021126d1999 km y0chiy0120 ea | |
| 101 | 0 | @achi |
| 105 | @af z 000yy | |
| 200 | 1 | @a文化纪念碑的风采@AWen Hua Ji Nian Bei De Feng Cai@e建筑艺术的历史与审美@EJian Zhu Yi Shu De Li Shi Yu Shen Mei@f萧默著@FXiao Mo Zhu |
| 210 | @a北京@c中国人民大学出版社@d1999 | |
| 215 | @a4,280页,[8]页图版@d16开 | |
| 225 | @a高等学校美育教材系列 | |
| 300 | @a21世纪素质教育系列教材 | |
| 410 | @12001 @a高等学校美育教材系列 | |
| 517 | @a建筑艺术的历史与审美@AJian Zhu Yi Shu De Li Shi Yu Shen Mei | |
| 606 | 0 | @a建筑美学 |
| 606 | 0 | @a建筑史@x高等学校@y世界@x教材 |
| 690 | @aTU-09@v4 | |
| 701 | @a萧默@4著 | |
| 801 | @aCN@bTSTC@c20021126 | |
| 905 | @b318131-135@dTU-09@e29@f5 | |
| 文化纪念碑的风采:建筑艺术的历史与审美/萧默著.-北京:中国人民大学出版社,1999 |
| 4,280页,[8]页图版;16开.-(高等学校美育教材系列) |
| 21世纪素质教育系列教材 |
| ISBN 7-300-03064-5:CNY22.00 |
| ● |
| 相关链接 |
|
|
|
|
正题名:文化纪念碑的风采
索取号:TU-09/29
 
预约/预借
| 序号 | 登录号 | 条形码 | 馆藏地/架位号 | 状态 | 备注 |
| 1 | 0318131 | 203181314 | 第三借阅区/ [索取号:TU-09/29] | 在馆 | |
| 2 | 0318132 | 203181323 | 第三借阅区/ [索取号:TU-09/29] | 在馆 | |
| 3 | 0318133 | 203181332 | 第三借阅区/ [索取号:TU-09/29] | 在馆 | |
| 4 | 0318134 | 203181341 | 第三借阅区/ [索取号:TU-09/29] | 在馆 | |
| 5 | 0318135 | 203181350 | 第二样本阅览室/ [索取号:TU-09/29] | 在馆 |